Statistics for Countries bordering Romania

Click here to take the quiz!

General Stats

  • This quiz has been taken 848 times
  • The average score is 5 of 5

Answer Stats

#Country% Correct
5Bulgaria
99%
2Ukraine
98%
1Moldova
97%
3Hungary
95%
4Serbia
95%

Score Distribution

Percentile by Number Answered

Percent of People with Each Score

Your Score History

You have not taken this quiz